000 00473nam a2200181Ia 4500
001 655
005 20260306140533.0
008 260306t1999||||xx |||||||||||||| ||spa||
041 _aESP
082 _a128.2
_bCH248
100 _aChurchland, Paul M.
_eAUT
245 0 _aMateria y conciencia :
_bintroducción contemporánea a la filosofía de la mente
260 _c1999
300 _a261 páginas :
_c23 cm.
650 _aGEN
654 _aCHU
942 _cLIB
_dJUS
_fJUS
_2ddc
_n
999 _c655
_d655